Score 0/138 Timer 15:00
0 Plays Today
Chapter Word % Correct
Chapter 1I
91.7%
Chapter 2I
91.7%
Chapter 2I
91.7%
Chapter 4I
91.7%
Chapter 8I
91.7%
Chapter 8I
91.7%
Chapter 1the
86.2%
Chapter 1the
86.2%
Chapter 2the
86.2%
Chapter 3The
86.2%
Chapter 3the
86.2%
Chapter 4the
86.2%
Chapter 4the
86.2%
Chapter 6The
86.2%
Chapter 6the
86.2%
Chapter 8the
86.2%
Chapter 8the
86.2%
Chapter 10the
86.2%
Chapter 2a
82.6%
Chapter 2a
82.6%
Chapter 4a
82.6%
Chapter 6a
82.6%
Chapter 10a
82.6%
Chapter 1When
66.1%
Chapter 2when
66.1%
Chapter 1is
59.6%
Chapter 1of
58.7%
Chapter 2and
58.7%
Chapter 4and
58.7%
Chapter 4of
58.7%
Chapter 4of
58.7%
Chapter 6and
58.7%
Chapter 8and
58.7%
Chapter 10he
58.7%
Chapter 1up,
56.9%
Chapter 1wake
55%
Chapter 2to
55%
Chapter 2to
55%
Chapter 4to
55%
Chapter 8to
55%
Chapter 8to
55%
Chapter 4Peeta
54.1%
Chapter 2in
53.2%
Chapter 2in
53.2%
Chapter 2on
53.2%
Chapter 2my
53.2%
Chapter Word % Correct
Chapter 4in
53.2%
Chapter 7My
53.2%
Chapter 8my
53.2%
Chapter 8my
53.2%
Chapter 10on
53.2%
Chapter 10in.
53.2%
Chapter 2was
52.3%
Chapter 1side
51.4%
Chapter 8side
51.4%
Chapter 1bed
50.5%
Chapter 1cold.
48.6%
Chapter 1other
48.6%
Chapter 8other.
48.6%
Chapter 3we
47.7%
Chapter 2for
44%
Chapter 4For
44%
Chapter 6for
44%
Chapter 10For
44%
Chapter 2game
43.1%
Chapter 2One
41.3%
Chapter 2time,
41.3%
Chapter 3are
41.3%
Chapter 7are
41.3%
Chapter 8one
41.3%
Chapter 8As
37.6%
Chapter 10as
37.6%
Chapter 10what
37.6%
Chapter 2tree,
33%
Chapter 4his
33%
Chapter 2by,
32.1%
Chapter 2off
31.2%
Chapter 3moment
31.2%
Chapter 10moment,
31.2%
Chapter 4from
30.3%
Chapter 2ground,
29.4%
Chapter 2back.
29.4%
Chapter 4our
29.4%
Chapter 8bow
29.4%
Chapter 6their
28.4%
Chapter 4out
27.5%
Chapter 2fell
26.6%
Chapter 2feet
25.7%
Chapter 7with
24.8%
Chapter 3into
22.9%
Chapter 4take
22.9%
Chapter 10eyes
22.9%
Chapter Word % Correct
Chapter 2waiting
22%
Chapter 6has
21.1%
Chapter 2landing
20.2%
Chapter 6tributes
20.2%
Chapter 2ten
18.3%
Chapter 4mentor
16.5%
Chapter 6Training
16.5%
Chapter 10hold
16.5%
Chapter 8quiver
15.6%
Chapter 2wander
14.7%
Chapter 2dozed
14.7%
Chapter 6Center
14.7%
Chapter 10Peeta's
14.7%
Chapter 10sinks
14.7%
Chapter 3ends,
12.8%
Chapter 4few
12.8%
Chapter 10cameras
12.8%
Chapter 10says
12.8%
Chapter 3taken
11.9%
Chapter 4moments,
11.9%
Chapter 4trying
11.9%
Chapter 7filled
11%
Chapter 7dreams.
11%
Chapter 8elevator,
11%
Chapter 4rise
10.1%
Chapter 6teams.
10.1%
Chapter 8toward
10.1%
Chapter 2blind
9.2%
Chapter 3custody.
9.2%
Chapter 9Betrayal.
9.2%
Chapter 3anthem
8.3%
Chapter 4scene
8.3%
Chapter 4stomach.
8.3%
Chapter 5R-i-i-i-p!
8.3%
Chapter 8stride
8.3%
Chapter 2motionless
7.3%
Chapter 4vile
7.3%
Chapter 6tower
7.3%
Chapter 8fling
7.3%
Chapter 10downcast
7.3%
Chapter 4slippery
6.4%
Chapter 4stuff
6.4%
Chapter 6designed
6.4%
Chapter 6exclusively
6.4%
Chapter 7slumbers
6.4%
Chapter 7disturbing
6.4%
Remove Ads.
Support Sporcle.
Get the best of Sporcle when you Go Orange. This ad-free experience offers more features, more stats, and more fun while also helping to support Sporcle. Thank you for becoming a member.

You're not logged in!

Compare scores with friends on all Sporcle quizzes.
OR
Log In

Show Comments

Extras

Top Quizzes Today


Score Distribution

Your Account Isn't Verified!

In order to create a playlist on Sporcle, you need to verify the email address you used during registration. Go to your Sporcle Settings to finish the process.

Report this User

Report this user for behavior that violates our Community Guidelines.

Details: